000 01159aam a2200385 4500
005 20250926115421.0
008 150729b1997 xxu||||| |||| 00| 0 spa d
020 _a8445805045
041 _aESP
082 _a613.62 B456s
100 _aBenavides, Fernando
_98531
100 _aRuiz Frutos, Carlos
_98528
100 _aGarcía, Ana M
_98529
245 _aSalud laboral: conceptos y técnicas para la prevención de riesgos laborales
260 _aEspaña
260 _bMASSON
260 _c1997
300 _a385 páginas
490 _aDirección de Educación Comunitaria y Asistencia Técnica
490 _aTemática General
650 _aSALUD OCUPACIONAL
650 _aSALUD LABORAL
650 _aGESTIÓN DE LA PREVENCIÓN
650 _aEVALUACIÓN DE RIESGOS
650 _aERGONOMÍA
650 _aVIGILANCIA DE LA SALUD LABORAL
650 _aINTERVENCIONES PREVENTIVAS
650 _aAUDITORÍA
650 _aRIESGOS LABORALES
650 _aENFERMEDADES DE ORIGEN LABORAL
650 _aPROTOCOLOS DE INVESTIGACIÓN
650 _aEPIDEMIOLOGÍA LABORAL
650 _aINVESTIGACIÓN DE ACCIDENTES
942 _cBK
_2ddc
999 _c13223
_d13223